Vzducholoď Nine /

Hlavní autor: Block, Thomas
Jazyk: Čeština
Vydáno: Frýdek-Místek : Alpress, 2003
Vydání: 1. vyd. v nakladatelství Alpress
Edice: Klokan (Alpress)
Témata:
Externí odkaz: Digitalizovaný dokument
Fyzický popis: 309 s. ; 21 cm
Knihy
Uloženo v:
LEADER 01249nam a2200349 a 4500
001 000690586
003 CZ BrMZK
005 20031021083800.0
007 ta
008 031003s2003 xr f 000 1 cze d
015 |a cnb001286877 
020 |a 80-7218-913-1  |q (váz.) 
035 |a (OCoLC)56869848 
040 |a BOA001  |b cze 
041 1 |a cze  |h eng 
072 7 |a 821.111(73)-3  |x Americká próza  |2 Konspekt  |9 25 
080 |a 821.111(73)-31  |2 MRF 
080 |a (0:82-31)  |2 MRF 
100 1 |a Block, Thomas  |7 mzk2003180825  |4 aut 
245 1 0 |a Vzducholoď Nine /  |c Thomas Block ; [z angličtiny přeložila Magda Cindričová] 
250 |a 1. vyd. v nakladatelství Alpress 
260 |a Frýdek-Místek :  |b Alpress,  |c 2003 
300 |a 309 s. ;  |c 21 cm 
490 1 |a Klokan 
500 |a Dostupné též v digitální podobě v aplikaci Kramerius 
655 7 |a americké romány  |7 fd131796  |2 czenas 
765 0 |t Airship Nine  |9 Česky 
830 0 |a Klokan (Alpress)  |0 s 
856 4 1 |u http://www.digitalniknihovna.cz/mzk/uuid/uuid:b8ce09d0-7494-11e4-b2f6-005056827e51  |y Digitalizovaný dokument  |x NDK 
910 |a BOA001  |b 2-1123.621 
990 |a BK 
996 6 |b 2610199958  |c 2-1123.621  |l MZK  |r Sklad / do 1 hodiny  |n 3  |p p.v.  |w 000690586  |u 000010  |a 1  |e BOA001  |j MZK50  |s P